Größte Stadt in... #3 - Statistiken

Allgemein
  • Dieses Quiz wurde 163 mal gespielt
  • Das Durchschnittsergebnis liegt bei 11 aus 16
Antwortstatistiken
Größte in ... Stadt % Korrekt
Bayern München
100%
England London
99%
Russland Moskau
99%
Baden-Württemberg Stuttgart
98%
Hessen Frankfurt am Main
95%
Tschechoslowakei Prag
93%
Scottland Glasgow
83%
Wales Cardiff
77%
Brasilien Sao Paulo
76%
Honshu Tokio
73%
Java Jakarta
61%
Seeland Kopenhagen
47%
Subsahara-Afrika Lagos
44%
Hokkaido Sapporo
43%
Jütland Aarhus
36%
Fünen Odense
24%
Keine übereinstimmenden Quizze gefunden
Verteilung der Resultate
Anzahl Personen mit jedem Resultat
Perzentil nach korrekt beantworteten Fragen
Ihre Resultats-Entwicklung
Sie haben dieses Quiz noch nicht gespielt